LEADER 01113cam2 22003011 450 001 SOBE00035107 005 20231218114101.0 100 $a20130708d1962 |||||ita|0103 ba 101 $afre$agrc 102 $aFR 200 0 $a1$fDidyme l'Aveugle 210 $aParis$cLes Editions du Cerf$d1962 215 $a413 p.$d20 cm 225 2 $aSources chrétiennes$v83 300 $aTesto orig. a fronte 410 1$1001LAEC00014980$12001 $a*Sources chrétiennes$v83 461 1$1001SOBE00035106$12001 $aSur Zacharie : texte inedit d'apres un papyrus de Toura / Didyme l'aveugle ; introduction, texte critique, traduction et notes de Louis Doutreleau 700 0$aDidymus : Alexandrinus$3AF00007331$4070$0385013 702 1$aDoutreleau, Louis$3AF00018199$4070 801 0$aIT$bUNISOB$c20231218$gRICA 850 $aUNISOB 852 $aUNISOB$j200|Coll|11|K$m45180 912 $aSOBE00035107 940 $aM 102 Monografia moderna SBN 941 $aM 957 $a200|Coll|11|K$b000083$gSI$d45180$1catenacci$2UNISOB$3UNISOB$420130708152721.0$520231218114101.0$6Spinosa 996 $a1$91713372 997 $aUNISOB LEADER 04873nam 2201381z- 450 001 9910580210803321 005 20220706 035 $a(CKB)5690000000011980 035 $a(oapen)https://directory.doabooks.org/handle/20.500.12854/87450 035 $a(oapen)doab87450 035 $a(EXLCZ)995690000000011980 100 $a20202207d2022 |y 0 101 0 $aeng 135 $aurmn|---annan 181 $ctxt$2rdacontent 182 $cc$2rdamedia 183 $acr$2rdacarrier 200 00$aSynthetic Peptides and Peptidomimetics: From Basic Science to Biomedical Applications 210 $aBasel$cMDPI - Multidisciplinary Digital Publishing Institute$d2022 215 $a1 online resource (274 p.) 311 08$a3-0365-4396-1 311 08$a3-0365-4395-3 330 $aThis Special Issue, entitled "Synthetic Peptides and Peptidomimetics: From Basic Science to Biomedical Applications", has included both reviews and original research contributions focused on the chemical design and biomedical applications of structurally modified bioactive peptides. The papers collected show how successful this class of molecules still is, both as model molecules for studying the structure of proteins and as potential therapeutics and diagnostics, and also as laboratory tools for advanced basic and applied studies. The large scientific community working in this field is in fact very active and productive, and is making the most of the potential and versatility of these molecules to generate increasingly interesting and innovative molecules of therapeutic interest and to understand the fundamental molecular mechanisms of life. 517 $aSynthetic Peptides and Peptidomimetics 606 $aBiology, life sciences$2bicssc 606 $aResearch & information: general$2bicssc 610 $aAFM 610 $aAIF(370-394) peptide 610 $aALOS4 610 $aamphiphilic peptides 610 $aantibacterial 610 $aanticancer peptides 610 $aantifungal 610 $aantimicrobial peptide 610 $aantimicrobial peptides 610 $aantiproliferative activity 610 $aantitumor peptide 610 $aantiviral 610 $aapoptosis-inducing factor (AIF) 610 $aA? 610 $acancer 610 $acaspase-3 610 $achirality 610 $aconformational analysis 610 $acyclic peptide 610 $acyclophilin A (CypA) 610 $adeferoxamine 610 $adensity functional theory (DFT) 610 $adiagnostic 610 $adrug delivery 610 $adrug repurposing 610 $aELISA 610 $aenvironment-sensitive fluorophore 610 $aferrocene 610 $afibroblast growth factor 14 (FGF14) 610 $afluorescent peptide 610 $aFRET 610 $ahuman neuroblastoma SH-SY5Y cells 610 $ahydrocarbon stapling 610 $ahydrogen bonds 610 $ai,i + 1 staple 610 $aIAPP 610 $aimaging diagnostic 610 $aintegrin 610 $aintegrins 610 $aluciferin 610 $amedium spiny neurons (MSNs) 610 $amelanoma 610 $amembrane-binding peptide 610 $amicroarray 610 $aMM-GBSA 610 $amolecular docking 610 $amolecular dynamics 610 $amolecular modelling 610 $ananocarrier 610 $aneurotherapeutics 610 $anon-imaging diagnostic 610 $anon-viral gene delivery 610 $anucleus accumbens (NAc) 610 $aPARP 610 $apeptide 610 $apeptide antigens 610 $apeptide labeling 610 $apeptide self-assemblies 610 $apeptide-based therapies 610 $apeptides 610 $apeptidomimetic 610 $apeptidomimetics 610 $aPET 610 $aPET imaging 610 $apolymers 610 $aprotein-protein interactions (PPIs) 610 $aradiodiagnostics 610 $aretro-inverso peptides 610 $aRGD peptide 610 $aRGD peptides 610 $aring-closing metathesis 610 $aSARS-CoV-2 610 $aSPECT 610 $astaurosporine-mediated cell death 610 $astimuli responsive 610 $asynthetic peptides 610 $atransfection 610 $avoltage-gated Na+ (Nav) channels 610 $aX-ray 610 $aX-ray structure 610 $a?-helix 610 $a?v?3 615 7$aBiology, life sciences 615 7$aResearch & information: general 700 $aDoti$b Nunzianna$4edt$01332309 702 $aRuvo$b Menotti$4edt 702 $aDoti$b Nunzianna$4oth 702 $aRuvo$b Menotti$4oth 906 $aBOOK 912 $a9910580210803321 996 $aSynthetic Peptides and Peptidomimetics: From Basic Science to Biomedical Applications$93040812 997 $aUNINA LEADER 02497nam2 2200589 i 450 001 VAN00065587 005 20260213120723.11 010 $a978-35-407-4328-6 100 $a20080919d2008 |0itac50 ba 101 $aeng 102 $aDE 105 $a|||| ||||| 181 $ai$b e 182 $an 183 $anc 200 1 $aˆ4: ‰Evolution and ecology $fvner Friedman (ed.) $gith contributions by C. Cosner ... [et al.]. 210 $aerlin $cpringer,$d008. 215 $aI, 205 p. $d4 cm. 300 $aubblicazione disponibile anche in formato elettronico 410 1$1001VAN00047447$12001 $aMathematical biosciences subseries$1210 $aBerlin$cSpringer 461 1$1001VAN00047443$12001 $aTutorials in mathematical biosciences$1210 $aBerlin$cSpringer$1215 $avolumi$cill.$d24 cm$v4 461 1$1001VAN00102250$12001 $aLecture notes in mathematics$1210 $aBerlin [etc.]$cSpringer$v1922 500 1$3VAN00234586$aTutorials in mathematical biosciences. 4, Evolution and ecology$94208116 606 $a35-XX$xPartial differential equations [MSC 2020]$3VANC019763$2MF 606 $a92-XX$xBiology and other natural sciences [MSC 2020]$3VANC020839$2MF 610 $aDispersal dynamics$9KW:K 610 $aDynamics$9KW:K 610 $aEcological modeling$9KW:K 610 $aEcology$9KW:K 610 $aEvolution$9KW:K 610 $aGenes$9KW:K 610 $aGenetics$9KW:K 610 $aInformations$9KW:K 610 $aPhylogenetic Trees$9KW:K 610 $aPopulation$9KW:K 610 $aPopulation dynamics$9KW:K 610 $aPopulation genetics$9KW:K 610 $aRadiologie$9KW:K 610 $aReaction-diffusion equations$9KW:K 610 $aSystem$9KW:K 620 $dBerlin$3VANL000066 702 1$aFriedman$bAvner$3VANV037717$4340 702 1$aCosner$bC.$3VANV052158 712 $aSpringer $3VANV108073$4650 801 $aIT$bSOL$c20260220$gRICA 856 4 $u/sebina/repository/catalogazione/documenti/ID 65587.pdf$zID 65587.pdf 856 4 $uhttps://doi.org/10.1007/978-3-540-74331-6$zhttps://doi.org/10.1007/978-3-540-74331-6 899 $aBIBLIOTECA DEL DIPARTIMENTO DI MATEMATICA E FISICA$1IT-CE0120$2VAN08 912 $aVAN00065587 950 $aBIBLIOTECA DEL DIPARTIMENTO DI MATEMATICA E FISICA$d08PREST 92-XX 1474 $e08 8195 II 20081203 996 $aTutorials in mathematical biosciences. 4, Evolution and ecology$94208116 997 $aUNICAMPANIA